000 00592nam a2200229Ia 4500
003 OSt
005 20250428101054.0
008 210210b1995 xxu||||| |||| 00| 0 eng d
020 _a81 7201 802 9
040 _cAL
041 _aEnglish
082 _a809.88914 SAHA
100 _aSAHITYA AKADEMI.
_9164246
245 _aAnandavardhana: Makers of Indian literature
260 _aN D
_bSahitya Akademi
_c1995
300 _ax,119
650 _aAnandavardhana
_9164247
690 _aIndian Literature
_9164248
700 _aK Kunjunni Raja
_9164249
906 _a053785
942 _2ddc
_cBK
999 _c101481
_d101481